000 01124nam a2200397 a 4500
003 AR-BaBNM
005 20251128210113.0
008 082120s2002 ||||||||||||||000 | spa||
040 _cAR-BaBNM
100 1 _aGalen Saylor, J.
245 0 0 _aPlaneamiento del curriculo en la escuela moderna
250 _a1ª ed.
260 _aBuenos Aires
_bTroquel
_c1970
300 _a679 p.
504 _aContiene bibliografía al final de cada capítulo
650 4 _aCURRICULO
650 4 _aPLANIFICACION
650 4 _aTEORIA DE LA EDUCACION
650 4 _aALUMNOS
650 4 _aMEDIO SOCIAL
650 4 _aFACTORES SOCIALES
650 4 _aESTUDIOS SOCIALES
650 4 _aFINALIDADES DE LA EDUCACION
650 4 _aUNIDADES DE ESTUDIO [DISCIPLINAS]
650 4 _aPROCESO DE APRENDIZAJE
650 4 _aTEORIAS DEL APRENDIZAJE
650 4 _aENSEÑANZA
650 4 _aTECNICAS DIDACTICAS
653 _aCONTENIDOS CURRICULARES
653 _aORGANIZACION CURRICULAR
653 _aESTRATEGIAS EDUCATIVAS
653 _aDISEÑO CURRICULAR
700 1 _aAlexander, William M.
942 _cBK
998 _cRaquel
999 _c14056
_d14056